000
00245 a2200109 4500
005
20250628165930.0
020
_a
978-0-85732-137-4
100
_a
ACCA
245
_a
Financial Reporting
300
_a
xxiv, 522P.: ill;
_b
index
_c
29cm
942
_2
ddc
_c
BKS
999
_c
6128
_d
6128